000 00623nam a2200265Ia 4500
005 20260306163632.0
008 008 260114s9999 xx 000 0 eng d
020 _a9789888455355
037 _aEBOOK
040 _aCRL
040 _beng
040 _cCRL
041 _2eng
041 _aeng
084 _qCRL
100 _aKeaveney
_91129043
245 0 _aContesting The Myths Of Samurai Baseball
260 _bHong Kong University Press
260 _c2018
650 _aSocial Work
856 _uhttps://academic.oup.com/book/18655
942 _cEBOOK
999 _c1710888
_d1710888